Of scribes and sages : early Jewish interpretation and transmission of Scripture /

Bibliographic Details
Other Authors: Evans, Craig A.
Format: Book
Language:English
Published: London ; New York : T & T Clark International, [2004]
Series:Studies in scripture in early Judaism and Christianity ; 9-10.
Library of Second Temple studies ; 50-51.
Subjects:

MARC

Tag First Indicator Second Indicator Subfields
LEADER 00000cam a22000004a 4500
001 in00002339846
005 20151108051005.0
008 050511s2004 enk b 001 0 eng
010 |a  2005275379 
020 |a 0567080838 (v. 1) 
020 |a 9780567080837 (v. 1) 
020 |a 0567084477 (v. 2) 
020 |a 9780567084477 (v. 2) 
035 |a (OCoLC)ocm57168769 
040 |a DLC  |c DLC  |d UtOrBLW 
042 |a pcc 
049 |a TXAM 
050 0 0 |a BS1171.3  |b .O42 2004 
082 0 0 |a 221.6  |2 22 
245 0 0 |a Of scribes and sages :  |b early Jewish interpretation and transmission of Scripture /  |c edited by Craig A. Evans. 
264 1 |a London ;  |a New York :  |b T & T Clark International,  |c [2004] 
264 4 |c ©2004 
300 |a 2 volumes ;  |c 24 cm. 
336 |a text  |b txt  |2 rdacontent 
337 |a unmediated  |b n  |2 rdamedia 
338 |a volume  |b nc  |2 rdacarrier 
490 1 |a Studies in scripture in early Judaism and Christianity ;  |v 9-10 
490 1 |a Library of Second Temple studies ;  |v 50-51 
504 |a Includes bibliographical references and indexes. 
505 0 |a v. 1. Ancient versions and traditions. Being seen and not heard : the interpretation of Genesis 4.8 / Mark McEntire -- Creation in Ezekiel's merkabah : Ezekiel 1 and Genesis 1 / Ben Zion Wacholder -- Images of David in early Judaism / Kenneth E. Pomykala -- The recontextualization of Old Greek Daniel 1 / R. Glenn Wooden -- The cosmology of P and theological anthropology in the Wisdom of Jesus ben Sira / Crispin H.T. Fletcher-Louis -- "It overflows like the Euphrates with understanding" : another look at the relationship between law and wisdom in Sirach / Jessie Rogers -- The relationship of eschatology to esoteric wisdom in the Jewish pseudepigraphal apocalypses / Paul Owen -- Herod the Great as Antiochus redivivus : reading the Testament of Moses as an anti-Herodian composition / Kenneth R. Atkinson. 
505 0 |a v. 2. Later versions and traditions. Satan in the testament of Job : a literary analysis / Bradford A. Kirkegaard -- Gaps in the story, cracks in the earth : the exile of Cain and the destruction of Korah in Pseudo-Philo (Liber antiquitatum biblicarum 16) / Bruce N. Fisk -- The tradition history of the Exodus-review in 5 Ezra 1 / Theodore A. Bergren -- Voice and vision : song as a vehicle for ecstatic experience in Songs of the Sabbath sacrifice / Andrea Lieber -- The face as the heavenly counterpart of the visionary in the Slavonic Ladder of Jacob / Andrei A. Orlov -- Prayerful origins : David as temple founder in Rabbinic Psalms commentary (Midrash tehillim) / Esther M. Menn -- Reading as rhetoric in halakhic texts / Natalie B. Dohrmann -- On the culture of the Bavli / Jeffrey L. Rubenstein -- Holy, holy, holy : the use of Isaiah 6.3 in Apostolic constitutions 7.35.1-10 and 8.12.6-27 / Judith H. Newman -- Patristic interpretations of the composition of the Psalter / Matthias Henze -- Jewish influence on Christian Biblical interpretation : Hugh of St Victor and "The four daughters of God" / Rebecca Moore. 
630 0 0 |a Bible.  |p Old Testament  |x Criticism, interpretation, etc. 
630 0 0 |a Bible.  |p Old Testament  |x Criticism, interpretation, etc., Jewish. 
650 0 |a Apocryphal books  |x Criticism, interpretation, etc. 
700 1 |a Evans, Craig A. 
830 0 |a Studies in scripture in early Judaism and Christianity ;  |v 9-10. 
830 0 |a Library of Second Temple studies ;  |v 50-51. 
945 |a PromptCat 
946 |a stk 
947 |a A14836484637 
948 |a cataloged  |b h  |c 2007/11/8  |d c  |e dmitchel  |f 3:50:30 pm 
994 |a 92  |b TXA 
999 |a MARS 
999 f f |s 83f3e709-4e1d-30eb-b780-0defda11bd36  |i e87e823c-4de3-3c18-8755-53b53dc76135  |t 0 
952 f f |p normal  |a Texas A&M University  |b College Station  |c Sterling C. Evans Library  |d Evans: Library Stacks  |t 0  |e BS1171.3 .O42 2004  |h Library of Congress classification  |i unmediated -- volume  |k v.1  |m A14836529673 
952 f f |p normal  |a Texas A&M University  |b College Station  |c Sterling C. Evans Library  |d Evans: Library Stacks  |t 0  |e BS1171.3 .O42 2004  |h Library of Congress classification  |i unmediated -- volume  |k v.2  |m A14836484637 
998 f f |a BS1171.3 .O42 2004  |s v.1-2  |t 0  |l Evans: Library Stacks